000 00465cam a22001337a 4500
008 180718b1996 xxu||||| |||| 00| 0 eng d
082 _aA81x54 91/23/PT12A&B/P
100 _aCensus of India 1991
245 _aTamil Nadu district census handbook, Periyar: village and town directory
260 _aMadras
_bDirectorate of Census Operations
_c1996
300 _a442+p.
440 _aCensus of India 1991. Series-23, Tamil Nadu. Part XII-A
650 _aPeriyar - Census
999 _c488407
_d488407